[Event "Dortmund op-B"]
[Site "Dortmund"]
[Date "2004.07.29"]
[Round "7"]
[White "Pertschik, Alexandr"]
[Black "Madalinski, Jakob"]
[Result "1-0"]
[WhiteElo "1675"]
[BlackElo "1472"]
[PlyCount "105"]
[EventDate "2004.07.??"]
[EventType "swiss"]
[EventRounds "9"]
[EventCountry "GER"]
[SourceTitle "EXT 2006"]
[Source "ChessBase"]
[SourceDate "2005.11.24"]
[SourceVersion "1"]
[SourceVersionDate "2005.11.24"]
[SourceQuality "1"]

1. d4 e6 2. e4 d5 3. e5 c5 4. c3 Nc6 5. Nf3 Bd7 6. Bd3 Qb6 7. dxc5 Bxc5 8. 0-0 f6 9. exf6 Nxf6 10. Qe2 0-0 11. Nbd2 Rae8 12. c4 Re7 13. Nb3 Bd6 14. Be3 Qc7 15. g3 dxc4 16. Bxc4 a6 17. Nc5 Nd5 18. Nxd7 Qxd7 19. Bd2 h6 20. Rae1 Rf6 21. Qe4 Bc5 22. Ne5 Nxe5 23. Qxe5 Qd6 24. Qxd6 Bxd6 25. Re2 b5 26. Bb3 Bc5 27. Rc1 Rc7 28. Kg2 Bb6 29. Rxc7 Bxc7 30. Bxd5 exd5 31. Bc3 Rd6 32. Bxg7 Kxg7 33. Re7+ Kf6 34. Rxc7 Ke5 35. Kf3 Rf6+ 36. Ke2 Kd4 37. f4 Re6+ 38. Kd2 Ke4 39. Rc1 Kd4 40. Re1 Rf6 41. Re5 a5 42. a3 Rc6 43. g4 Rf6 44. Rf5 Rg6 45. h3 Ke4 46. Rf8 Kd4 47. f5 Rb6 48. h4 Ke5 49. g5 hxg5 50. hxg5 Rb7 51. g6 Rg7 52. Rf7 Rg8 53. g7 1-0

[Event "Dortmund op-B"]
[Site "Dortmund"]
[Date "2004.07.26"]
[Round "4"]
[White "Kaphle, Sebastian"]
[Black "Pertschik, Alexandr"]
[Result "1-0"]
[WhiteElo "1524"]
[BlackElo "1675"]
[PlyCount "101"]
[EventDate "2004.07.??"]
[EventType "swiss"]
[EventRounds "9"]
[EventCountry "GER"]
[SourceTitle "EXT 2006"]
[Source "ChessBase"]
[SourceDate "2005.11.24"]
[SourceVersion "1"]
[SourceVersionDate "2005.11.24"]
[SourceQuality "1"]

1. e4 e5 2. Nf3 d6 3. d4 exd4 4. Nxd4 Be7 5. Bc4 Nf6 6. Nc3 h6 7. 0-0 0-0 8. h3 Nc6 9. Nd5 Ne5 10. Bb3 Re8 11. f4 Ng6 12. Qd3 Nd7 13. Qc4 Nc5 14. Nf5 Nxb3 15. axb3 c6 16. Ndxe7+ Nxe7 17. Nxe7+ Qxe7 18. e5 dxe5 19. fxe5 Be6 20. Qc3 Bd5 21. Bf4 Qh4 22. Rae1 Re6 23. Re3 Rae8 24. Rg3 Qh5 25. Qd3 R6e7 26. Qd2 Kh8 27. c4 Be6 28. Rgf3 Rd7 29. Qf2 b6 30. g4 Qg6 31. Kh2 Red8 32. Qh4 Rd3 33. g5 Kh7 34. gxh6 Rxf3 35. hxg7+ Kxg7 36. Rxf3 Rd3 37. Qf6+ Qxf6 38. exf6+ Kxf6 39. Rxd3 Kf5 40. Bb8 Ke4 41. Rd6 b5 42. Rxc6 bxc4 43. bxc4 a5 44. c5 Kd5 45. Ra6 Kxc5 46. Rxa5+ Kb4 47. Re5 Kb3 48. Rxe6 fxe6 49. h4 Kxb2 50. h5 e5 51. Bxe5+ 1-0